| 000 | 01337pam a2200229 i 4500 | ||
|---|---|---|---|
| 001 | 1810374 | ||
| 005 | 20210414114133.0 | ||
| 008 | 791127s1980 nyua 001 0 eng | ||
| 010 | _a 79054829 | ||
| 020 |
_a0814455808 : _c$19.95 |
||
| 040 |
_aDLC _cDLC _dDLC |
||
| 050 | 0 | 0 | _aTA190.C64 |
| 100 | 1 |
_aCohen, William A., _d1937- |
|
| 245 | 1 | 0 |
_aPrinciples of technical management. / _cWilliam A. Cohen. |
| 260 |
_aNew York : _bAMACOM, _c1980. |
||
| 300 |
_aviii, 222 p. : _bill. ; _c24 cm. |
||
| 500 | _aIncludes index. | ||
| 505 | _aContents: The Scope, responsibilities and functions of technical management -- Organizing for efficiency and effectiveness -- How to staff and recruit for your technical organization -- How to train your technical staff -- How to compensate the technical organization -- How to train your technical staff -- How to compensate the technical professional -- How to be a successful leader of your technical organization -- How to appraise the performance of personnel accurately and successfully -- How to budget and control costs -- The Secrets of winning any technical management problem -- How to cmmunicate effectively -- How to choose among alternatives for new product development. | ||
| 650 | 0 |
_aEngineering _xManagement. |
|
| 906 |
_a7 _bcbc _corignew _d1 _eocip _f19 _gy-gencatlg |
||
| 942 |
_2lcc _cBK |
||
| 999 |
_c2236 _d9736 |
||